Guía metodológica de balonmano

Uloženo v:
Podrobná bibliografie
Hlavní autor: Román Seco, Juan de Dios (Autor)
Médium: Kniha
Jazyk:španělština
Vydáno: Madrid Gymnos 1989
Edice:El niño y la actividad física y deportiva
Témata:
Tagy: Přidat tag
Žádné tagy, Buďte první, kdo vytvoří štítek k tomuto záznamu!

MARC

LEADER 00000nam a2200000 a 4500
001 UCW7552
003 CL-VaPUC
008 930414e19890000SP |||||||||||||||||spa|d
082 0 4 |a 796.31  |b ROM  |2 21 
100 0 |a Román Seco, Juan de Dios  |e author  |9 312715 
245 1 0 |a Guía metodológica de balonmano 
300 |a 169 p 
942 |c BK 
945 |d 19930414 00:00:00 
260 |a Madrid  |b Gymnos  |c 1989 
650 7 |a HANDBOL  |2 CL-VaPUC  |9 312716 
583 |a last modification  |c 19930414 00:00:00  |k Rodrigo Vera 
490 0 |a El niño y la actividad física y deportiva 
999 |c 220267  |d 220265 
952 |0 0  |1 0  |4 0  |6 796_310000000000000_ROM_1989  |7 0  |8 A  |9 212252  |a BIBEDU  |b BIBEDU  |d 2019-11-15  |i 2805073  |o 796.31 ROM 1989  |p 2805073  |r 2019-11-15  |w 2019-11-15  |y BK  |k EDU